Famous veteran cars of the world. / (Record no. 6572)
[ view plain ]
| 000 -LEADER | |
|---|---|
| fixed length control field | 00700cam a22002411 4500 |
| 001 - CONTROL NUMBER | |
| JCCL Control Number | 6572 |
| 003 - CONTROL NUMBER IDENTIFIER | |
| JCCL marc code | BD-JhCC |
| 005 - DATE AND TIME OF LATEST TRANSACTION | |
| control field | 20180125175139.0 |
| 008 - FIXED-LENGTH DATA ELEMENTS--GENERAL INFORMATION | |
| fixed length control field | 770815s1963 xx 000 0 eng |
| 035 ## - SYSTEM CONTROL NUMBER | |
| system control number | (BD-JhCC)6572 |
| 035 ## - SYSTEM CONTROL NUMBER | |
| system control number | (OCoLC)3190277 |
| 040 ## - CATALOGING SOURCE | |
| Original cataloging agency | DLC |
| Transcribing agency | OC |
| Modifying agency | Uk |
| -- | DLC |
| -- | BD-JhCC |
| 041 ## - LANGUAGE CODE | |
| Language code of Book | eng |
| 050 00 - LIBRARY OF CONGRESS CALL NUMBER | |
| Classification number | TL15 |
| Item number | .D3 |
| 082 ## - DEWEY DECIMAL CLASSIFICATION NUMBER | |
| Classification number | 629.209 |
| Author mark and Year | DAV 1963 |
| 100 1# - MAIN ENTRY--PERSONAL NAME | |
| Personal name | Davis, Anthony. |
| 245 10 - TITLE STATEMENT | |
| Title | Famous veteran cars of the world. / |
| Statement of responsibility, etc | Illustrated by Donald Barnes. |
| 260 ## - PUBLICATION, DISTRIBUTION, ETC. (IMPRINT) | |
| Place of publication, distribution, etc | London : |
| Name of publisher, distributor, etc | F. Muller, |
| Date of publication, distribution, etc | 1963. |
| 300 ## - PHYSICAL DESCRIPTION | |
| Pagination | 140 p. |
| Other physical details | illus., map. |
| Dimensions | 19 cm. |
| 500 ## - GENERAL NOTE | |
| General note | Stamped on t.p.: Distributed by Sportshelf, New Rochelle, N.Y. |
| 650 #0 - SUBJECT ADDED ENTRY--TOPICAL TERM | |
| Topical term or geographic name as entry element | Automobiles |
| General subdivision | History. |
| 942 ## - ADDED ENTRY ELEMENTS (KOHA) | |
| Source of classification or shelving scheme | Dewey Decimal Classification |
| Koha item type | Books |
| Source of classification or shelving scheme | Damaged status | Not for loan | Home library | Current library | Shelving location | Date of accession | Total Checkouts | Full call number | Barcode | Date last seen | Copy number | Koha item type |
|---|---|---|---|---|---|---|---|---|---|---|---|---|
| Dewey Decimal Classification | JCC Rouf Library | JCC Rouf Library | General Stacks | 01/25/2018 | 629.209 DAV 1963 | 8996 | 01/25/2018 | C-1 | Books |